[Event "Online Olym Div Top-A"]
[Site "Chess.com INT"]
[Date "2020.08.23"]
[Round "7.2"]
[White "Bluebaum, Matthias"]
[Black "Kudakwashe, Sibanda"]
[Result "1-0"]
[WhiteElo "2646"]
[BlackElo "2065"]
[PlyCount "57"]
[EventDate "2020.08.21"]
[EventType "tourn (rapid)"]
[EventRounds "9"]
[EventCountry "USA"]
[SourceTitle "CBM 198"]
[Source "ChessBase"]
[SourceDate "2020.10.31"]
[SourceVersion "1"]
[SourceVersionDate "2020.10.31"]
[SourceQuality "1"]
[WhiteTeam "Germany"]
[BlackTeam "Zimbabwe"]
[WhiteTeamCountry "GER"]
[BlackTeamCountry "ZIM"]

1. d4 Nf6 2. c4 e6 3. Nc3 Bb4 4. e3 d5 5. Bd2 Kf8 6. Nf3 b6 7. cxd5 exd5 8. Rc1 Bb7 9. Bd3 g6 10. 0-0 Nbd7 11. Ne5 Bd6 12. f4 a6 13. Qf3 Kg7 14. Be1 Re8 15. Bh4 Be7 16. f5 Ne4 17. Nxf7 Qc8 18. Bxe7 Rxe7 19. fxg6 hxg6 20. Bxe4 dxe4 21. Qf4 Kg8 22. Nh6+ Kg7 23. Qg5 Re6 24. Rf7+ Kh8 25. Nf5 Kg8 26. Rg7+ Kf8 27. Qh6 Ke8 28. Rg8+ Nf8 29. Rxf8+ 1-0

[Event "Online Olym Div Top-A"]
[Site "Chess.com INT"]
[Date "2020.08.23"]
[Round "8.2"]
[White "Kudakwashe, Sibanda"]
[Black "Yu, Yangyi"]
[Result "0-1"]
[WhiteElo "2065"]
[BlackElo "2709"]
[PlyCount "108"]
[EventDate "2020.08.21"]
[EventType "tourn (rapid)"]
[EventRounds "9"]
[EventCountry "USA"]
[SourceTitle "CBM 198"]
[Source "ChessBase"]
[SourceDate "2020.10.31"]
[SourceVersion "1"]
[SourceVersionDate "2020.10.31"]
[SourceQuality "1"]
[WhiteTeam "Zimbabwe"]
[BlackTeam "China"]
[WhiteTeamCountry "ZIM"]
[BlackTeamCountry "CHN"]

1. d4 Nf6 2. c4 e6 3. a3 d5 4. Nc3 c6 5. e3 Nbd7 6. Nf3 Bd6 7. Bd3 0-0 8. 0-0 dxc4 9. Bxc4 b5 10. Bd3 Bb7 11. b4 a5 12. Rb1 axb4 13. axb4 Qe7 14. Qb3 e5 15. Bf5 Rfe8 16. Rd1 h6 17. Bc2 Bc7 18. Bb2 exd4 19. Rxd4 c5 20. bxc5 Nxc5 21. Qxb5 Ba6 22. Qc6 Bb7 23. Qb5 Ra5 24. Qe2 Ne6 25. Ra4 Rh5 26. Ne4 Nxe4 27. Bxe4 Bxe4 28. Rxe4 Nf4 29. Rxe7 Nxe2+ 30. Kf1 Rxe7 31. Kxe2 Rb5 32. Nd4 Rb7 33. Kd3 Be5 34. Kc2 Rec7+ 35. Kd3 Bxd4 36. exd4 Rb3+ 37. Kd2 f6 38. f3 Kf7 39. h3 g5 40. Kd1 Ke6 41. Kd2 Kd5 42. Kd1 f5 43. Kd2 f4 44. Kd1 h5 45. Kd2 h4 46. Kd1 Rcb7 47. Kc2 Rxb2+ 48. Rxb2 Rxb2+ 49. Kxb2 Kxd4 50. Kc2 Ke3 51. Kc3 Kf2 52. Kd2 Kxg2 53. Ke2 Kxh3 54. Kf2 Kh2 0-1